| 000 | 00457nam a22001697a 4500 | ||
|---|---|---|---|
| 003 | OSt | ||
| 005 | 20140310181715.0 | ||
| 008 | 121214t xxu||||| |||| 00| 0 eng d | ||
| 020 | _a9715380506 | ||
| 050 |
_aDS 676 _b.J95 1972 |
||
| 082 |
_aFIL 959.902 _bJu95 1993 |
||
| 245 | _aJune 12, 1898 and related documents / | ||
| 260 |
_aManila : _bNational Historical Commission., _c1972. |
||
| 300 |
_a81 p. : _c25 cm. : |
||
| 942 |
_2lcc _cBK _kFIL |
||
| 999 |
_c1742 _d1742 |
||